[Event "C14"]
[Site "?"]
[Date "2016.08.06"]
[Round "1.2"]
[White "Bojczewski, Mateusz"]
[Black "Kosakowski, Jakub"]
[Result "0-1"]
[LiveChessVersion "1.4.8"]
[BlackElo "2191"]
[WhiteElo "1445"]

1. e4 c5 2. Nf3 {[%clk 0:03:04]} d6 {[%clk 0:03:05]} 3. c3 {[%clk 0:03:04]} Nf6
{[%clk 0:03:06]} 4. Be2 {[%clk 0:03:05]} Bd7 {[%clk 0:03:07]} 5. d3
{[%clk 0:03:05]} Bc6 {[%clk 0:03:08]} 6. O-O {[%clk 0:03:00]} e5 {[%clk 0:03:09]}
7. Be3 {[%clk 0:02:50]} Be7 {[%clk 0:03:09]} 8. Nbd2 {[%clk 0:02:51]} O-O
{[%clk 0:03:09]} 9. Nb3 {[%clk 0:02:41]} Nbd7 {[%clk 0:03:10]} 10. Qc2
{[%clk 0:02:30]} Re8 {[%clk 0:03:11]} 11. Rad1 {[%clk 0:02:27]} Bf8
{[%clk 0:03:11]} 12. Bg5 {[%clk 0:02:24]} h6 {[%clk 0:03:12]} 13. Bh4
{[%clk 0:02:21]} Qc7 {[%clk 0:03:09]} 14. Rfe1 {[%clk 0:01:43]} g6
{[%clk 0:02:57]} 15. Bf1 {[%clk 0:01:39]} Bg7 {[%clk 0:02:57]} 16. Bxf6
{[%clk 0:00:52]} Nxf6 {[%clk 0:02:58]} 17. g3 {[%clk 0:00:51]} Rad8
{[%clk 0:02:53]} 18. Bg2 {[%clk 0:00:46]} b6 {[%clk 0:02:54]} 19. Re2
{[%clk 0:00:21]} Bb7 {[%clk 0:02:50]} 20. Rde1 {[%clk 0:00:21]} c4
{[%clk 0:02:50]} 21. dxc4 {[%clk 0:00:11]} Qxc4 {[%clk 0:02:50]} 22. Nfd2
{[%clk 0:00:10]} Qc7 {[%clk 0:02:52]} 23. Re3 {[%clk 0:00:06]} d5
{[%clk 0:02:42]} 24. exd5 {[%clk 0:00:05]} Nxd5 {[%clk 0:02:43]} 25. Bxd5
{[%clk 0:00:06]} Bxd5 {[%clk 0:02:44]} 26. Nf3 {[%clk 0:00:03]} Bb7
{[%clk 0:02:43]} 27. Nfd2 {[%clk 0:00:03]} h5 {[%clk 0:02:37]} 0-1

[Event "C14"]
[Site "?"]
[Date "2016.08.06"]
[Round "1.4"]
[White "Twardowski, Hubert"]
[Black "Szpar, Milosz"]
[Result "0-1"]
[LiveChessVersion "1.4.8"]
[BlackElo "2000"]
[WhiteElo "1427"]

1. e4 {[%clk 0:03:03]} c5 {[%clk 0:03:04]} 2. Nf3 {[%clk 0:03:04]} Nc6
{[%clk 0:03:05]} 3. d4 {[%clk 0:03:06]} cxd4 {[%clk 0:03:06]} 4. Nxd4
{[%clk 0:03:06]} g6 {[%clk 0:03:07]} 5. Nc3 {[%clk 0:03:05]} Bg7 {[%clk 0:03:08]}
6. Be3 {[%clk 0:03:05]} Nf6 {[%clk 0:03:09]} 7. f3 {[%clk 0:03:03]} O-O
{[%clk 0:03:08]} 8. Qd2 {[%clk 0:03:04]} d5 {[%clk 0:03:08]} 9. Nxc6
{[%clk 0:02:58]} bxc6 {[%clk 0:03:09]} 10. exd5 {[%clk 0:02:47]} cxd5
{[%clk 0:02:58]} 11. O-O-O {[%clk 0:02:45]} Bb7 {[%clk 0:02:56]} 12. Bb5
{[%clk 0:02:14]} Qa5 {[%clk 0:02:41]} 13. Ba4 {[%clk 0:02:10]} e5
{[%clk 0:02:23]} 14. Bb3 {[%clk 0:01:38]} d4 {[%clk 0:02:17]} 15. Bxd4
{[%clk 0:01:38]} exd4 {[%clk 0:02:17]} 16. Qxd4 {[%clk 0:01:38]} Ne4
{[%clk 0:01:42]} 17. Qa4 {[%clk 0:00:40]} Qxa4 {[%clk 0:01:42]} 18. Nxa4
{[%clk 0:00:38]} Nf2 {[%clk 0:01:43]} 19. Rhf1 {[%clk 0:00:37]} Nxd1
{[%clk 0:01:41]} 20. Rxd1 {[%clk 0:00:38]} Rad8 {[%clk 0:01:31]} 21. Rxd8
{[%clk 0:00:32]} Rxd8 {[%clk 0:01:32]} 22. c3 {[%clk 0:00:32]} Be5
{[%clk 0:01:29]} 23. Nc5 {[%clk 0:00:27]} Bc6 {[%clk 0:01:25]} 24. g3
{[%clk 0:00:25]} Bxf3 {[%clk 0:01:24]} 0-1

[Event "C14"]
[Site "?"]
[Date "2016.08.06"]
[Round "2.2"]
[White "Kosakowski, Jakub"]
[Black "Bojczewski, Mateusz"]
[Result "1-0"]
[LiveChessVersion "1.4.8"]
[BlackElo "1445"]
[WhiteElo "2191"]

1. e4 {[%clk 0:03:03]} e5 {[%clk 0:03:03]} 2. Nf3 {[%clk 0:03:04]} Nc6
{[%clk 0:03:05]} 3. Bb5 {[%clk 0:03:05]} a6 {[%clk 0:03:06]} 4. Ba4
{[%clk 0:03:06]} Nf6 {[%clk 0:03:06]} 5. O-O {[%clk 0:03:07]} Be7
{[%clk 0:03:08]} 6. Re1 d6 7. c3 {[%clk 0:03:10]} O-O {[%clk 0:03:07]} 8. h3
{[%clk 0:03:11]} b5 {[%clk 0:03:09]} 9. Bb3 {[%clk 0:03:12]} Re8 {[%clk 0:03:10]}
10. d4 {[%clk 0:03:13]} exd4 {[%clk 0:03:02]} 11. cxd4 {[%clk 0:03:14]} Bf8
{[%clk 0:03:02]} 12. Bg5 {[%clk 0:03:06]} h6 {[%clk 0:03:01]} 13. Bh4
{[%clk 0:03:08]} g5 {[%clk 0:02:56]} 14. Bg3 {[%clk 0:03:03]} Nxe4
{[%clk 0:02:51]} 15. Bd5 {[%clk 0:03:00]} Nxg3 {[%clk 0:02:46]} 16. Bxc6
{[%clk 0:03:01]} Rxe1+ {[%clk 0:02:13]} 17. Qxe1 {[%clk 0:03:02]} Nf5
{[%clk 0:01:53]} 18. Bxa8 {[%clk 0:03:01]} Be6 {[%clk 0:01:53]} 19. Be4
{[%clk 0:03:01]} Ng7 {[%clk 0:01:49]} 20. Nc3 {[%clk 0:03:02]} Qd7
{[%clk 0:01:47]} 21. d5 {[%clk 0:03:01]} Bf5 {[%clk 0:01:45]} 22. Bxf5
{[%clk 0:03:01]} Qxf5 {[%clk 0:01:46]} 23. Qe4 {[%clk 0:03:03]} Qf6
{[%clk 0:01:40]} 24. Re1 {[%clk 0:03:03]} Nf5 {[%clk 0:01:35]} 25. Ne2
{[%clk 0:03:02]} Ne7 {[%clk 0:01:16]} 26. Ned4 {[%clk 0:03:02]} Ng6
{[%clk 0:01:07]} 27. Qf5 {[%clk 0:03:02]} Qg7 {[%clk 0:00:55]} 28. Re8
{[%clk 0:03:02]} Ne7 {[%clk 0:00:45]} 29. Qd7 {[%clk 0:02:54]} Nxd5
{[%clk 0:00:34]} 30. Nf5 {[%clk 0:02:55]} Qf6 {[%clk 0:00:23]} 31. Rxf8+
{[%clk 0:02:56]} 1-0

[Event "C14"]
[Site "?"]
[Date "2016.08.06"]
[Round "2.4"]
[White "Szpar, Milosz"]
[Black "Twardowski, Hubert"]
[Result "1-0"]
[LiveChessVersion "1.4.8"]
[BlackElo "1427"]
[WhiteElo "2000"]

1. e4 {[%clk 0:03:03]} e5 {[%clk 0:03:02]} 2. Nf3 {[%clk 0:03:05]} Nc6
{[%clk 0:03:03]} 3. Bb5 {[%clk 0:03:06]} a6 {[%clk 0:03:04]} 4. Ba4
{[%clk 0:03:07]} Nf6 {[%clk 0:03:05]} 5. O-O {[%clk 0:03:08]} Be7
{[%clk 0:03:06]} 6. Re1 {[%clk 0:03:08]} b5 {[%clk 0:03:07]} 7. Bb3
{[%clk 0:03:09]} d6 {[%clk 0:03:09]} 8. c3 {[%clk 0:03:10]} O-O {[%clk 0:03:09]}
9. h3 {[%clk 0:03:09]} Na5 {[%clk 0:03:02]} 10. Bc2 {[%clk 0:03:10]} c5
{[%clk 0:03:03]} 11. d4 {[%clk 0:03:03]} Qc7 {[%clk 0:02:59]} 12. Nbd2
{[%clk 0:02:58]} Re8 {[%clk 0:02:54]} 13. a4 {[%clk 0:02:56]} Bd7
{[%clk 0:02:33]} 14. Nf1 {[%clk 0:02:42]} g6 {[%clk 0:02:06]} 15. Bg5
{[%clk 0:02:40]} Qd8 {[%clk 0:02:06]} 16. Ng3 {[%clk 0:02:33]} Bf8
{[%clk 0:02:00]} 17. axb5 {[%clk 0:02:34]} axb5 {[%clk 0:02:01]} 18. b4
{[%clk 0:02:30]} cxb4 {[%clk 0:01:30]} 19. cxb4 {[%clk 0:02:31]} Nc6
{[%clk 0:01:29]} 20. Rxa8 {[%clk 0:02:29]} Qxa8 {[%clk 0:01:30]} 21. Bxf6
{[%clk 0:02:29]} Nxb4 {[%clk 0:01:25]} 22. Bb3 {[%clk 0:02:28]} Bg7
{[%clk 0:01:08]} 23. dxe5 {[%clk 0:02:24]} Bxf6 {[%clk 0:00:44]} 24. exf6
{[%clk 0:02:24]} Qb8 {[%clk 0:00:32]} 25. Qd2 {[%clk 0:02:23]} 1-0

[Event "C14"]
[Site "?"]
[Date "2016.08.06"]
[Round "3.1"]
[White "Paliwoda, Borys"]
[Black "Teclaf, Pawel"]
[Result "0-1"]
[LiveChessVersion "1.4.8"]
[BlackElo "2233"]
[WhiteElo "1658"]

1. e4 {[%clk 0:03:03]} c5 {[%clk 0:03:04]} 2. Nf3 {[%clk 0:03:05]} d6
{[%clk 0:03:05]} 3. d4 {[%clk 0:03:06]} cxd4 4. Nxd4 {[%clk 0:03:07]} Nf6
{[%clk 0:03:07]} 5. f3 {[%clk 0:03:08]} e5 {[%clk 0:03:06]} 6. Nb3
{[%clk 0:03:09]} Be7 {[%clk 0:03:05]} 7. c4 {[%clk 0:03:10]} O-O {[%clk 0:03:03]}
8. Be3 {[%clk 0:03:10]} a5 {[%clk 0:03:01]} 9. Nc3 {[%clk 0:03:06]} a4
{[%clk 0:02:50]} 10. Nc1 {[%clk 0:03:07]} a3 {[%clk 0:02:51]} 11. bxa3
{[%clk 0:02:48]} Rxa3 {[%clk 0:02:30]} 12. Nb3 {[%clk 0:02:17]} Be6
{[%clk 0:02:20]} 13. Be2 {[%clk 0:02:08]} Ra8 {[%clk 0:01:52]} 14. O-O
{[%clk 0:02:07]} Nbd7 {[%clk 0:01:52]} 15. Nb5 {[%clk 0:02:02]} Nb6
{[%clk 0:01:32]} 16. Nd2 {[%clk 0:01:24]} Nfd7 {[%clk 0:01:15]} 17. a4
{[%clk 0:00:55]} Nc5 {[%clk 0:01:10]} 18. Bxc5 {[%clk 0:00:46]} dxc5
{[%clk 0:01:10]} 19. Qc2 {[%clk 0:00:43]} Nd7 {[%clk 0:01:05]} 20. Nb3 Nb8
{[%clk 0:00:54]} 21. Rfd1 {[%clk 0:00:36]} Qc8 {[%clk 0:00:56]} 22. Kh1
{[%clk 0:00:29]} Nc6 {[%clk 0:00:57]} 23. Qc3 {[%clk 0:00:24]} Nd4
{[%clk 0:00:57]} 24. N3xd4 {[%clk 0:00:25]} cxd4 {[%clk 0:00:58]} 25. Qd3
{[%clk 0:00:24]} b6 {[%clk 0:00:57]} 26. Rdc1 {[%clk 0:00:25]} Bc5
{[%clk 0:00:58]} 27. Qd2 {[%clk 0:00:23]} Ra5 {[%clk 0:00:55]} 28. Bd3
{[%clk 0:00:24]} Qd7 {[%clk 0:00:49]} 29. Qb2 {[%clk 0:00:24]} Rfa8
{[%clk 0:00:50]} 30. Kg1 {[%clk 0:00:24]} Rxa4 {[%clk 0:00:51]} 31. Rxa4
{[%clk 0:00:21]} Rxa4 {[%clk 0:00:51]} 32. Qb3 {[%clk 0:00:20]} Ra5
{[%clk 0:00:50]} 33. Qb2 {[%clk 0:00:12]} Qc6 {[%clk 0:00:49]} 34. Ra1
{[%clk 0:00:10]} Qa8 {[%clk 0:00:50]} 35. Rxa5 {[%clk 0:00:10]} Qxa5
{[%clk 0:00:51]} 36. Qc1 {[%clk 0:00:08]} g6 {[%clk 0:00:45]} 37. Nc7
{[%clk 0:00:09]} Qc3 {[%clk 0:00:36]} 38. Qf1 {[%clk 0:00:05]} Bd7
{[%clk 0:00:27]} 39. Nd5 {[%clk 0:00:05]} Kg7 {[%clk 0:00:28]} 40. Nc7
{[%clk 0:00:04]} Ba4 {[%clk 0:00:28]} 41. Nd5 {[%clk 0:00:06]} Qd2
{[%clk 0:00:26]} 42. Kh1 Bc2 {[%clk 0:00:26]} 43. Bxc2 {[%clk 0:00:04]} Qxc2
{[%clk 0:00:27]} 44. Nc7 {[%clk 0:00:05]} d3 {[%clk 0:00:27]} 45. Nb5
{[%clk 0:00:05]} d2 {[%clk 0:00:28]} 0-1

[Event "C14"]
[Site "?"]
[Date "2016.08.06"]
[Round "3.4"]
[White "Poziomkowski, Szymon"]
[Black "Lis, Mateusz"]
[Result "0-1"]
[LiveChessVersion "1.4.8"]
[BlackElo "1977"]
[WhiteElo "1636"]

1. e4 {[%clk 0:03:02]} c5 {[%clk 0:03:03]} 2. c3 {[%clk 0:03:03]} Nf6
{[%clk 0:03:04]} 3. e5 {[%clk 0:03:04]} Nd5 {[%clk 0:03:05]} 4. d4
{[%clk 0:03:05]} cxd4 {[%clk 0:03:06]} 5. cxd4 {[%clk 0:03:06]} d6
{[%clk 0:03:07]} 6. Nf3 {[%clk 0:03:05]} Nc6 {[%clk 0:03:08]} 7. Bd3
{[%clk 0:02:48]} e6 {[%clk 0:02:47]} 8. O-O {[%clk 0:02:34]} Be7 {[%clk 0:02:48]}
9. Bd2 {[%clk 0:01:55]} O-O {[%clk 0:02:41]} 10. Nc3 {[%clk 0:01:54]} dxe5
{[%clk 0:01:37]} 11. dxe5 {[%clk 0:01:53]} Nxc3 {[%clk 0:01:18]} 12. Bxc3
{[%clk 0:01:54]} Qc7 {[%clk 0:01:14]} 13. Qe2 {[%clk 0:01:31]} Rd8
{[%clk 0:01:04]} 14. Qe4 {[%clk 0:01:27]} g6 {[%clk 0:01:05]} 15. h4
{[%clk 0:01:09]} b6 {[%clk 0:00:37]} 16. Rad1 {[%clk 0:00:49]} Bb7
{[%clk 0:00:36]} 17. Qg4 {[%clk 0:00:49]} Bf8 {[%clk 0:00:30]} 18. h5
{[%clk 0:00:47]} Ne7 {[%clk 0:00:22]} 19. hxg6 {[%clk 0:00:44]} hxg6
{[%clk 0:00:20]} 20. Ng5 {[%clk 0:00:41]} Nf5 {[%clk 0:00:15]} 21. Ne4
{[%clk 0:00:34]} Bxe4 {[%clk 0:00:13]} 22. Bxe4 {[%clk 0:00:35]} Rac8
{[%clk 0:00:14]} 23. Qe2 {[%clk 0:00:25]} Qe7 {[%clk 0:00:14]} 24. Rxd8
{[%clk 0:00:23]} Rxd8 {[%clk 0:00:16]} 25. Rd1 {[%clk 0:00:24]} Rxd1+
{[%clk 0:00:13]} 26. Qxd1 Bg7 {[%clk 0:00:13]} 27. a3 {[%clk 0:00:21]} Qg5
{[%clk 0:00:12]} 28. Bd2 {[%clk 0:00:18]} Qe7 {[%clk 0:00:13]} 29. Bb4
{[%clk 0:00:19]} Qc7 {[%clk 0:00:13]} 30. f4 {[%clk 0:00:10]} a5 {[%clk 0:00:15]}
31. Bc3 {[%clk 0:00:11]} Qc5+ {[%clk 0:00:16]} 32. Kh2 {[%clk 0:00:11]} Qe3
{[%clk 0:00:17]} 33. Qf3 {[%clk 0:00:10]} Qc5 {[%clk 0:00:11]} 34. Qd1
{[%clk 0:00:08]} Bh6 {[%clk 0:00:12]} 35. Bd2 Qf2 {[%clk 0:00:13]} 36. Qf3
{[%clk 0:00:06]} Qxd2 {[%clk 0:00:14]} 0-1

[Event "C14"]
[Site "?"]
[Date "2016.08.06"]
[Round "3.5"]
[White "Szczurek, Krzysztof"]
[Black "Kucharski, Bartlomiej"]
[Result "1-0"]
[LiveChessVersion "1.4.8"]
[BlackElo "1590"]
[WhiteElo "1939"]

1. e4 d5 2. exd5 Nf6 3. c4 e6 4. dxe6 Bxe6 5. Nf3 Qe7 6. Qe2 Nc6 7. Nc3 O-O-O 8.
a3 Qd7 9. d4 Nxd4 10. Nxd4 Qxd4 11. Be3 Qd7 12. Rd1 Qc6 13. Rxd8+ Kxd8 14. Nb5 a6
15. Nd4 Qd7 16. Nxe6+ Qxe6 17. Qd3+ Qd6 18. Qxd6+ Bxd6 19. Bd3 Ng4 20. Bd4 Re8+
21. Kd2 Be5 22. Bxe5 Nxe5 23. Rd1 Nxd3 24. Kxd3 Ke7 25. Kc3 Kf6 26. Rd7 Re7 27.
Rd2 b6 28. f3 a5 29. b4 axb4+ 30. axb4 Ke5 31. Re2+ Kf6 32. Rd2 Ke5 33. g3 f5 34.
c5 bxc5 35. bxc5 g6 36. Kc4 c6 37. f4+ Kf6 38. Rd6+ Re6 39. Rd3 Re4+ 40. Kc3 h5
41. Rd6+ Re6 42. Rd3 Re2 43. Rd6+ Re6 44. Rxe6+ Kxe6 45. Kc4 Kd7 46. Kb4 Ke6 47.
Ka5 h4 48. Kb6 Kd5 49. gxh4 Ke4 50. Kxc6 Kxf4 51. Kd5 Ke3 52. c6 f4 53. c7 f3 54.
c8=Q f2 55. Qc4 Kf3 56. Qf1 Ke4+ 57. Kxe4 1-0

[Event "C14"]
[Site "?"]
[Date "2016.08.06"]
[Round "4.1"]
[White "Teclaf, Pawel"]
[Black "Paliwoda, Borys"]
[Result "1-0"]
[LiveChessVersion "1.4.8"]
[BlackElo "1658"]
[WhiteElo "2233"]

1. e4 c5 {[%clk 0:03:04]} 2. Nf3 {[%clk 0:03:05]} e6 {[%clk 0:03:05]} 3. d4
{[%clk 0:03:06]} cxd4 {[%clk 0:03:06]} 4. Nxd4 {[%clk 0:03:07]} Qb6
{[%clk 0:03:08]} 5. Nb3 {[%clk 0:03:07]} a6 {[%clk 0:03:09]} 6. Nc3
{[%clk 0:03:07]} Qc7 {[%clk 0:03:10]} 7. Bd3 {[%clk 0:03:07]} b5 {[%clk 0:03:12]}
8. O-O {[%clk 0:03:06]} Bb7 {[%clk 0:03:13]} 9. a3 {[%clk 0:02:58]} Nf6
{[%clk 0:03:13]} 10. Kh1 {[%clk 0:02:58]} Be7 {[%clk 0:03:14]} 11. f4
{[%clk 0:02:59]} d6 {[%clk 0:03:15]} 12. Bd2 {[%clk 0:03:00]} O-O
{[%clk 0:03:15]} 13. Qf3 {[%clk 0:03:02]} Nbd7 {[%clk 0:03:15]} 14. Rae1
{[%clk 0:03:03]} Rac8 {[%clk 0:03:07]} 15. Qh3 {[%clk 0:03:00]} e5
{[%clk 0:02:40]} 16. fxe5 {[%clk 0:02:36]} Nxe5 {[%clk 0:02:39]} 17. Nd4
{[%clk 0:02:36]} Qd7 {[%clk 0:01:56]} 18. Nf5 {[%clk 0:02:35]} Nxd3
{[%clk 0:01:33]} 19. cxd3 {[%clk 0:02:32]} Kh8 {[%clk 0:00:49]} 20. Nxe7
{[%clk 0:02:33]} Qxe7 {[%clk 0:00:50]} 21. Bg5 {[%clk 0:02:33]} Qe6
{[%clk 0:00:46]} 22. Bxf6 {[%clk 0:02:29]} Qxh3 {[%clk 0:00:27]} 23. gxh3
{[%clk 0:02:30]} gxf6 {[%clk 0:00:27]} 24. Rxf6 {[%clk 0:02:30]} Rcd8
{[%clk 0:00:24]} 25. Ref1 {[%clk 0:02:26]} Rd7 {[%clk 0:00:24]} 26. Ne2
{[%clk 0:02:23]} d5 {[%clk 0:00:23]} 27. Ng3 {[%clk 0:02:13]} dxe4
{[%clk 0:00:22]} 28. dxe4 {[%clk 0:02:14]} Re7 {[%clk 0:00:18]} 29. Kg1
{[%clk 0:02:13]} Bxe4 {[%clk 0:00:14]} 30. Nxe4 {[%clk 0:02:13]} Rxe4
{[%clk 0:00:15]} 31. Rxf7 {[%clk 0:02:12]} Rxf7 {[%clk 0:00:15]} 32. Rxf7
{[%clk 0:02:13]} Re2 {[%clk 0:00:14]} 33. Rf2 {[%clk 0:02:11]} Re6
{[%clk 0:00:14]} 34. Kg2 {[%clk 0:02:10]} Kg7 {[%clk 0:00:16]} 35. h4
{[%clk 0:02:07]} Rg6+ {[%clk 0:00:17]} 36. Kf3 {[%clk 0:02:05]} h5
{[%clk 0:00:16]} 37. Rc2 {[%clk 0:02:05]} Kh6 {[%clk 0:00:16]} 38. Rc8
{[%clk 0:02:02]} Rd6 {[%clk 0:00:16]} 39. b4 {[%clk 0:02:02]} Rd3+
{[%clk 0:00:16]} 40. Kf4 {[%clk 0:02:00]} Rxa3 {[%clk 0:00:12]} 41. Rc6+
{[%clk 0:02:01]} Kg7 {[%clk 0:00:12]} 42. Kg5 {[%clk 0:02:01]} Rh3
{[%clk 0:00:13]} 43. Rxa6 {[%clk 0:01:59]} Rxh2 {[%clk 0:00:13]} 44. Ra7+
{[%clk 0:02:00]} Kg8 {[%clk 0:00:14]} 45. Rb7 {[%clk 0:02:01]} Rg2+
{[%clk 0:00:14]} 46. Kxh5 {[%clk 0:02:02]} Re2 {[%clk 0:00:12]} 47. Rxb5
{[%clk 0:02:01]} Re6 {[%clk 0:00:13]} 48. Kg5 {[%clk 0:02:01]} Kf7
{[%clk 0:00:14]} 49. Rb7+ {[%clk 0:02:02]} 1-0

[Event "C14"]
[Site "?"]
[Date "2016.08.06"]
[Round "4.4"]
[White "Lis, Mateusz"]
[Black "Poziomkowski, Szymon"]
[Result "0-1"]
[LiveChessVersion "1.4.8"]
[BlackElo "1636"]
[WhiteElo "1977"]

1. e4 {[%clk 0:03:03]} c5 {[%clk 0:03:03]} 2. Nf3 {[%clk 0:03:04]} a6
{[%clk 0:03:02]} 3. c4 {[%clk 0:03:05]} d6 {[%clk 0:03:00]} 4. Nc3
{[%clk 0:03:07]} Nf6 {[%clk 0:02:55]} 5. g3 {[%clk 0:03:07]} Nc6 {[%clk 0:02:46]}
6. d3 {[%clk 0:03:08]} Bg4 {[%clk 0:02:43]} 7. Bg2 {[%clk 0:03:09]} g6
{[%clk 0:02:28]} 8. h3 {[%clk 0:03:10]} Bd7 {[%clk 0:02:23]} 9. O-O
{[%clk 0:03:06]} Bg7 {[%clk 0:02:24]} 10. Be3 {[%clk 0:03:05]} O-O
{[%clk 0:02:23]} 11. e5 {[%clk 0:02:45]} Ne8 {[%clk 0:02:17]} 12. exd6
{[%clk 0:02:43]} exd6 {[%clk 0:02:18]} 13. Bf4 {[%clk 0:02:40]} Be6
{[%clk 0:01:56]} 14. Ne4 {[%clk 0:02:03]} Qd7 {[%clk 0:01:45]} 15. Neg5
{[%clk 0:02:02]} Nd4 {[%clk 0:01:25]} 16. Nxe6 {[%clk 0:02:00]} Nxe6
{[%clk 0:01:24]} 17. Be3 {[%clk 0:01:49]} Bxb2 {[%clk 0:01:21]} 18. Rb1
{[%clk 0:01:50]} Bg7 {[%clk 0:01:17]} 19. Nd2 {[%clk 0:01:32]} Rb8
{[%clk 0:01:18]} 20. Ne4 {[%clk 0:01:32]} Nd4 {[%clk 0:01:07]} 21. Rb6
{[%clk 0:00:56]} Qc7 {[%clk 0:00:55]} 22. Qb1 {[%clk 0:00:56]} Nb5
{[%clk 0:00:53]} 23. cxb5 {[%clk 0:00:24]} Qxb6 {[%clk 0:00:53]} 24. a4
{[%clk 0:00:18]} Nc7 {[%clk 0:00:49]} 25. Nd2 {[%clk 0:00:17]} axb5
{[%clk 0:00:46]} 26. Nc4 {[%clk 0:00:19]} Qa6 {[%clk 0:00:39]} 27. axb5 Qxb5
{[%clk 0:00:37]} 28. Qc2 {[%clk 0:00:19]} Qd7 {[%clk 0:00:27]} 29. Nb6
{[%clk 0:00:20]} Qd8 {[%clk 0:00:25]} 30. Bf4 {[%clk 0:00:20]} Be5
{[%clk 0:00:23]} 31. Bh6 {[%clk 0:00:21]} Re8 {[%clk 0:00:22]} 32. Rb1
{[%clk 0:00:20]} Qe7 {[%clk 0:00:21]} 33. Nc4 {[%clk 0:00:18]} Bf6
{[%clk 0:00:18]} 34. Bf4 {[%clk 0:00:13]} Be5 {[%clk 0:00:14]} 35. Nxe5
{[%clk 0:00:13]} dxe5 {[%clk 0:00:16]} 36. Be3 {[%clk 0:00:13]} b6
{[%clk 0:00:15]} 37. Kh2 {[%clk 0:00:13]} Qd6 {[%clk 0:00:16]} 38. Rd1
{[%clk 0:00:11]} Rbd8 {[%clk 0:00:13]} 39. Bg5 {[%clk 0:00:13]} Rb8
{[%clk 0:00:12]} 40. f4 {[%clk 0:00:12]} Nd5 {[%clk 0:00:11]} 41. fxe5
{[%clk 0:00:12]} Qxe5 {[%clk 0:00:11]} 42. Qd2 {[%clk 0:00:11]} Qe6
{[%clk 0:00:11]} 43. Bh6 {[%clk 0:00:11]} Rbd8 {[%clk 0:00:10]} 44. Qb2
{[%clk 0:00:12]} Qe5 {[%clk 0:00:10]} 45. Qd2 {[%clk 0:00:11]} Qe2
{[%clk 0:00:11]} 46. Qxe2 {[%clk 0:00:11]} Rxe2 {[%clk 0:00:12]} 47. Kh1
{[%clk 0:00:11]} Ne3 {[%clk 0:00:12]} 48. Bxe3 {[%clk 0:00:12]} Rxe3
{[%clk 0:00:14]} 49. Be4 {[%clk 0:00:13]} Rxe4 0-1

[Event "C14"]
[Site "?"]
[Date "2016.08.06"]
[Round "5.1"]
[White "Teclaf, Pawel"]
[Black "Pacan-milej, Kosma"]
[Result "1-0"]
[LiveChessVersion "1.4.8"]
[BlackElo "1703"]
[WhiteElo "2233"]

1. e4 {[%clk 0:03:03]} c5 {[%clk 0:03:02]} 2. Nf3 {[%clk 0:03:04]} d6
{[%clk 0:03:03]} 3. Nc3 {[%clk 0:03:05]} Nf6 {[%clk 0:03:03]} 4. d4
{[%clk 0:03:07]} cxd4 {[%clk 0:03:03]} 5. Nxd4 {[%clk 0:03:08]} a6
{[%clk 0:03:04]} 6. Bc4 {[%clk 0:03:09]} e6 {[%clk 0:03:04]} 7. Bb3
{[%clk 0:03:10]} b5 {[%clk 0:03:05]} 8. Bg5 {[%clk 0:03:07]} Be7 {[%clk 0:03:06]}
9. Qf3 {[%clk 0:02:56]} Qc7 {[%clk 0:02:31]} 10. e5 {[%clk 0:02:37]} Bb7
{[%clk 0:01:50]} 11. exd6 {[%clk 0:02:38]} Bxd6 {[%clk 0:01:35]} 12. Qe3
{[%clk 0:02:39]} O-O {[%clk 0:00:47]} 13. O-O-O {[%clk 0:02:12]} Rd8
{[%clk 0:00:24]} 14. Nxe6 {[%clk 0:01:43]} fxe6 {[%clk 0:00:20]} 15. Qxe6+
{[%clk 0:01:44]} Kh8 {[%clk 0:00:09]} 16. Bxf6 {[%clk 0:01:43]} gxf6
{[%clk 0:00:06]} 17. Qxf6+ {[%clk 0:01:42]} 1-0

[Event "C14"]
[Site "?"]
[Date "2016.08.06"]
[Round "5.2"]
[White "Godzwon, Iwo"]
[Black "Kosakowski, Jakub"]
[Result "1/2-1/2"]
[LiveChessVersion "1.4.8"]
[BlackElo "2191"]
[WhiteElo "1850"]

1. e4 {[%clk 0:03:04]} e5 {[%clk 0:03:03]} 2. Nf3 {[%clk 0:03:05]} Nc6
{[%clk 0:03:04]} 3. Bb5 {[%clk 0:03:06]} a6 {[%clk 0:03:05]} 4. Ba4
{[%clk 0:03:08]} Nf6 {[%clk 0:03:06]} 5. O-O {[%clk 0:03:09]} Nxe4
{[%clk 0:03:07]} 6. d4 {[%clk 0:03:10]} b5 {[%clk 0:03:08]} 7. Bb3
{[%clk 0:03:11]} d5 {[%clk 0:03:10]} 8. dxe5 {[%clk 0:03:07]} Be6
{[%clk 0:03:11]} 9. Nc3 {[%clk 0:03:06]} Nxc3 {[%clk 0:03:05]} 10. bxc3
{[%clk 0:03:07]} Be7 {[%clk 0:03:02]} 11. a4 {[%clk 0:02:51]} b4 {[%clk 0:02:49]}
12. cxb4 {[%clk 0:02:44]} Bxb4 {[%clk 0:02:50]} 13. Bd2 {[%clk 0:02:37]} Be7
{[%clk 0:02:38]} 14. c3 {[%clk 0:02:14]} O-O {[%clk 0:02:38]} 15. a5
{[%clk 0:02:10]} Qc8 {[%clk 0:02:00]} 16. Bf4 {[%clk 0:01:59]} Rd8
{[%clk 0:02:00]} 17. Nd4 {[%clk 0:01:58]} Nxd4 {[%clk 0:01:58]} 18. cxd4
{[%clk 0:01:59]} c5 {[%clk 0:01:56]} 19. dxc5 {[%clk 0:01:53]} Qxc5
{[%clk 0:01:56]} 20. Qd3 {[%clk 0:01:48]} Rab8 {[%clk 0:01:53]} 21. Bc2
{[%clk 0:01:47]} g6 {[%clk 0:01:50]} 22. Rfc1 {[%clk 0:01:27]} Bf5
{[%clk 0:01:36]} 23. Qd1 {[%clk 0:01:16]} Bxc2 {[%clk 0:01:30]} 24. Qxc2
{[%clk 0:01:15]} Qb4 {[%clk 0:01:28]} 25. Bg3 {[%clk 0:01:10]} d4
{[%clk 0:01:23]} 26. Qd3 {[%clk 0:01:04]} Rb5 {[%clk 0:01:07]} 27. Rc4
{[%clk 0:00:50]} Rxa5 {[%clk 0:01:04]} 28. Rxb4 {[%clk 0:00:48]} Rxa1+
{[%clk 0:01:03]} 29. Rb1 {[%clk 0:00:50]} Rxb1+ {[%clk 0:01:04]} 30. Qxb1
{[%clk 0:00:51]} d3 {[%clk 0:01:05]} 31. Qd1 {[%clk 0:00:43]} d2 {[%clk 0:01:02]}
32. Bf4 {[%clk 0:00:44]} Bb4 {[%clk 0:01:03]} 33. h4 {[%clk 0:00:45]} a5
{[%clk 0:01:04]} 34. Kh2 {[%clk 0:00:38]} a4 {[%clk 0:00:58]} 35. Bxd2
{[%clk 0:00:38]} a3 {[%clk 0:00:51]} 36. Qb3 {[%clk 0:00:39]} Bxd2
{[%clk 0:00:52]} 37. Qxa3 {[%clk 0:00:40]} Bf4+ {[%clk 0:00:53]} 38. g3
{[%clk 0:00:42]} Bxe5 {[%clk 0:00:50]} 39. Qe7 {[%clk 0:00:41]} Rd5
{[%clk 0:00:51]} 40. Qe8+ {[%clk 0:00:33]} Kg7 {[%clk 0:00:52]} 41. Qc6
{[%clk 0:00:35]} Rd6 {[%clk 0:00:52]} 42. Qc5 {[%clk 0:00:36]} Re6
{[%clk 0:00:52]} 1/2-1/2